| 000 | 01471nam a2200313 a 4500 | ||
|---|---|---|---|
| 001 | 000012903 | ||
| 003 | DO-SdBNP | ||
| 005 | 20180305140256.0 | ||
| 007 | 000012903 | ||
| 008 | 091118s2010 dr ac 000 0 spa d | ||
| 020 | _a9945400118 | ||
| 040 |
_aBPMSU _bspa _cBPMSU |
||
| 092 |
_a373.61 _bxxxx |
||
| 100 | _aRincón, Andrea Griselda | ||
| 245 | 0 | 0 |
_aLengua II : _bprimer ciclo educación media / _cAndrea Griselda Rincón, Julia Mery Vásquez Güichardo |
| 260 |
_aSanto Domingo : _bActualidad Escolar 2000, _c2010 |
||
| 300 |
_a250 p. : _bil. ; _c29 cm. |
||
| 500 | _aLa Biblioteca posee la Guía metodológica del primer ciclo educación media | ||
| 505 | 0 |
_gv. 2 : Primer ciclo _tPrimeras graduadas del instituto de señoritas Salomé Ureña _tUn encuentro en la playa _tOuro preto _tEl hombre _tLa vega _tHay un pais en el mundo _tPolémica sobre los test genéticos en selección de personal _tLos resultados macroeconómicos del 2005 _tEl petróleo en nuestra vida _tLa agropecuaria mueve el 80% de la economía en Ocoa _tCañas y bueyes _tLa belleza masculina un punto polémico |
|
| 650 |
_aGRAMÁTICA _xENSEÑANZA SECUNDARIA |
||
| 650 |
_aEDUCACIÓN SECUNDARIA _xREPÚBLICA DOMINICANA |
||
| 650 |
_aGRAMÁTICA _xLIBROS DE TEXTO |
||
| 650 | _aGRAMÁTICA | ||
| 651 | _xESTUDIOS Y EJERCICIOS | ||
| 700 | 1 | 2 | _aVásquez Güichardo, Julia Mery |
| 942 |
_2ddc _cBK |
||
| 945 | _aRemanejado para la BNPHU / 2018 VM | ||
| 956 |
_aVMATEO _b10 _c20150813 _lBPMSU _h00151 |
||
| 999 |
_c9796 _d9796 |
||